A feltétel nélküli alapjövedelem Magyarországon

Bibliographic Details
Main Author: Farkas Boglárka
Other Authors: Fellegi Dr. Miklós
Format: Thesis
Kulcsszavak:FNA
alapjövedelem
UBI
feltétel nélküli
Online Access:http://dolgozattar.uni-bge.hu/19665

MARC

LEADER 00000nta a2200000 i 4500
001 dolg19665
005 20181215131031.0
008 181215suuuu hu om 000 hun d
040 |a BGE Dolgozattár Repozitórium  |b hun 
041 |a hu 
100 1 |a Farkas Boglárka 
245 1 2 |a A feltétel nélküli alapjövedelem Magyarországon  |c Farkas Boglárka  |h [elektronikus dokumentum] 
695 |a FNA 
695 |a alapjövedelem 
695 |a UBI 
695 |a feltétel nélküli 
700 1 |a Fellegi Dr. Miklós  |e ths 
856 4 0 |u http://dolgozattar.uni-bge.hu/19665/1/szakdolgozat_final.pdf  |z Dokumentum-elérés